000 00558cas a2200157 4500
008 100615n eng u
022 _a03756742
035 _a(Sirsi) a170106
050 _aTN270.A1J768
245 _aJournal of Geochemical Exploration
260 _aAmsterdam
_b Eldevier Science
_c 1973
310 _aQuarterly
362 _aVol. 2, No. 4, 1973 - Vol. 20, No. 3, 1984
520 _a It contains articles that covers all aspects of the application of geochemistry to the search for mineral deposits and petroleum
650 _aGeochemistry
999 _c9198
_d9198